Todas las Ciudades de 1.000.000+ en un Mapa - Estadísticas

Estadísticas generales
  • Esta prueba ha sido intentada 9.193 veces
  • La puntuación promedio es 161 de 626
Respuestas en el mapa
Las respuestas están codificadas por una escala verde-roja en el mapa de la prueba según el % correcto abajo.
 
Estadísticas de respuestas
País Ciudad Población % Correcto
España Madrid 6 850 000
92%
España Barcelona 4 950 000
90%
Francia París 11 400 000
87%
Portugal Lisboa 2 500 000
86%
Reino Unido Londres 14 800 000
86%
Argentina Buenos Aires 16 700 000
85%
Estados Unidos Nueva York 23 100 000
85%
Rusia Moscú 18 800 000
84%
Italia Roma 3 450 000
83%
Japón Tokio 40 800 000
83%
México Ciudad de México 24 900 000
82%
Portugal Porto 1 550 000
82%
Venezuela Valencia 2 075 000
82%
España Valencia 1 900 000
82%
Alemania Berlín 4 775 000
81%
Perú Lima 11 600 000
81%
Estados Unidos Los Ángeles 17 700 000
80%
China Pekín 20 900 000
80%
Chile Santiago 8 050 000
80%
España Sevilla 1 310 000
80%
Brasil Brasilia 4 175 000
79%
Colombia Bogotá 10 200 000
78%
Irlanda Dublín 1 510 000
78%
Brasil Río de Janeiro 13 400 000
78%
Egipto El Cairo 22 200 000
77%
Italia Milán 6 100 000
77%
Estados Unidos Miami 6 450 000
76%
Venezuela Caracas 3 800 000
74%
Noruega Oslo 1 230 000
74%
Brasil São Paulo 23 000 000
74%
Ucrania Kiev 3 475 000
73%
Reino Unido Mánchester 3 125 000
72%
Ecuador Quito 2 875 000
72%
Australia Sídney 4 925 000
72%
Estados Unidos Washington D.C. 8 800 000
72%
Países Bajos Ámsterdam 2 500 000
71%
Grecia Atenas 3 550 000
71%
Turquía Estambul 16 100 000
71%
Italia Nápoles 4 050 000
71%
Turquía Ankara 5 200 000
70%
Bélgica Bruselas 2 750 000
70%
Suecia Estocolmo 2 250 000
70%
Cuba La Habana 2 225 000
70%
España Málaga 1 080 000
70%
Canadá Ottawa 1 330 000
70%
Polonia Varsovia 2 475 000
70%
Bolivia La Paz 2 225 000
69%
Francia Marsella 1 690 000
69%
Uruguay Montevideo 1 880 000
69%
Estados Unidos San Francisco 7 950 000
69%
Hungría Budapest 2 650 000
68%
Finlandia Helsinki 1 510 000
68%
Marruecos Rabat 2 125 000
68%
Austria Viena 2 275 000
68%
Estados Unidos Chicago 9 900 000
67%
Alemania Múnich 2 275 000
67%
Corea del Sur Seúl 24 900 000
67%
Rumania Bucarest 2 200 000
66%
Marruecos Casablanca 4 700 000
66%
Reino Unido Liverpool 1 890 000
66%
Francia Lyon 2 025 000
66%
Rusia San Petersburgo 6 400 000
66%
República Checa Praga 1 460 000
65%
Bulgaria Sofía 1 230 000
65%
Canadá Toronto 7 550 000
65%
Argelia Argel 4 175 000
64%
Paraguay Asunción 2 450 000
63%
Panamá Ciudad de Panamá 1 620 000
62%
Filipinas Manila 26 700 000
62%
Colombia Medellín 4 225 000
62%
Bielorrusia Minsk 2 050 000
62%
China Shanghái 40 000 000
62%
Túnez Túnez 2 775 000
62%
Dinamarca Copenhague 1 760 000
61%
Costa Rica San José 2 425 000
60%
República Dominicana Santo Domingo 4 175 000
60%
Tailandia Bangkok 20 500 000
59%
Argentina Córdoba 1 770 000
59%
Bangladés Daca 21 300 000
59%
India Delhi 33 400 000
59%
EAU Dubái 6 600 000
59%
Irán Teheran 16 200 000
59%
Estados Unidos Boston 7 850 000
58%
Sudáfrica Ciudad del Cabo 4 450 000
58%
Arabia Saudita Riad 9 150 000
58%
Italia Turín 1 590 000
58%
Indonesia Yakarta 28 900 000
58%
Serbia Belgrado 1 440 000
57%
Estados Unidos Dallas 7 550 000
57%
Israel Jerusalén 1 040 000
57%
Estados Unidos Las Vegas 2 375 000
57%
Estados Unidos Seattle 4 625 000
57%
Colombia Cali 2 925 000
56%
Italia Florencia 1 000 000
56%
Estados Unidos Houston 7 050 000
56%
Guatemala Ciudad de Guatemala 3 325 000
55%
Sudáfrica Johannesburgo 14 800 000
55%
Singapur Singapur 7 750 000
55%
Canadá Vancouver 3 025 000
55%
Irak Bagdad 7 550 000
54%
México Guadalajara 5 750 000
54%
China Hong Kong 7 300 000
54%
Japón Osaka 17 700 000
54%
Yemen Saná 3 075 000
54%
Estados Unidos San Diego 3 300 000
54%
El Salvador San Salvador 1 930 000
54%
Suiza Zúrich 1 480 000
54%
EAU Abu Dabi 1 740 000
52%
Siria Damasco 3 800 000
52%
Reino Unido Glasgow 1 690 000
52%
Alemania Hamburgo 2 900 000
52%
Kenia Nairobi 6 550 000
52%
Estados Unidos Orlando 3 725 000
52%
Haití Puerto Príncipe 3 525 000
52%
Egipto Alejandría 6 100 000
51%
Alemania Colonia / Düsseldorf 4 975 000
51%
Catar Doha 2 450 000
51%
Nicaragua Managua 1 370 000
51%
México Monterrey 5 850 000
51%
Reino Unido Birmingham 3 225 000
50%
Senegal Dakar 4 200 000
50%
Malasia Kuala Lumpur 9 100 000
50%
Nigeria Lagos 21 400 000
50%
Australia Melbourne 4 950 000
50%
Estados Unidos Melbourne 1 260 000
50%
India Mumbai 26 600 000
50%
Taiwán Taipéi 9 200 000
50%
Honduras Tegucigalpa 1 210 000
50%
Vietnam Hanói 7 000 000
49%
Marruecos Marrakech 1 160 000
49%
Pakistán Rawalpindi / Islamabad 3 725 000
49%
Libia Trípoli 1 770 000
49%
Azerbaiyán Bakú 2 650 000
48%
Corea del Norte Pionyang 2 975 000
48%
Madagascar Antananarivo 2 950 000
47%
Estados Unidos Atlanta 6 100 000
47%
Líbano Beirut 1 860 000
47%
Estados Unidos Detroit 5 850 000
47%
Kuwait Kuwait 4 200 000
47%
Canadá Montreal 4 375 000
47%
Mongolia Ulán Bator 1 510 000
47%
Estados Unidos Denver 3 950 000
46%
Afganistán Kabul 4 800 000
46%
Israel Tel Aviv 2 925 000
46%
Francia Burdeos 1 130 000
45%
India Calcuta 17 400 000
45%
México Cancún 1 030 000
45%
Estados Unidos Filadelfia 7 550 000
45%
Estados Unidos San Juan 1 910 000
45%
México Tijuana 2 200 000
45%
Etiopía Adís Abeba 4 600 000
44%
Ecuador Guayaquil 3 275 000
44%
RDC Kinsasa 15 000 000
44%
Argentina Rosario 1 420 000
44%
Francia Tolosa 1 120 000
44%
Colombia Barranquilla 2 275 000
43%
Kazajistán Astaná 1 360 000
42%
Nueva Zelanda Auckland 1 450 000
42%
Estados Unidos Austin 2 175 000
42%
China Cantón 67 800 000
42%
China Lu'an 1 190 000
42%
Georgia Tiflis 1 400 000
42%
Jordania Amán 5 850 000
41%
Angola Luanda 9 000 000
41%
Estados Unidos Phoenix 4 825 000
41%
Países Bajos Róterdam 3 375 000
41%
China Wuhan 11 800 000
41%
Armenia Ereván 1 510 000
40%
Sudán Jartum 6 850 000
40%
Reino Unido Leeds 2 225 000
40%
Australia Perth 2 225 000
40%
Estados Unidos Sacramento 2 175 000
40%
Nigeria Abuya 4 100 000
39%
Ghana Acra 6 350 000
39%
Estados Unidos El Paso 1 050 000
39%
Estados Unidos Nueva Orleans 1 010 000
39%
Estados Unidos San Antonio 2 325 000
39%
Marruecos Tánger 1 190 000
38%
Somalia Mogadiscio 2 125 000
36%
Nepal Katmandú 3 075 000
35%
Brasil Manaos 2 325 000
35%
Estados Unidos Portland 2 500 000
35%
Estados Unidos Tampa 4 750 000
35%
Congo Brazzaville 2 200 000
34%
Mozambique Maputo 2 450 000
34%
Omán Mascate 1 470 000
34%
Reino Unido Newcastle 1 460 000
34%
Brasil Belo Horizonte 5 150 000
33%
Colombia Cartagena 1 200 000
33%
Vietnam Ciudad Ho Chi Minh 13 500 000
33%
Brasil Fortaleza 3 775 000
33%
Estados Unidos Indianápolis 2 100 000
33%
Argentina Mendoza 1 090 000
33%
Brasil Recife 3 925 000
33%
Camerún Yaundé 3 700 000
33%
Bélgica Amberes 1 230 000
32%
Australia Brisbane 3 275 000
32%
Sri Lanka Colombo 4 900 000
32%
Sierra Leona Freetown 1 340 000
32%
Japón Hiroshima 1 870 000
32%
Pakistán Karachi 19 100 000
32%
Venezuela Maracaibo 2 750 000
32%
México Mérida 1 320 000
32%
Estados Unidos Mineápolis 3 300 000
32%
Ucrania Odesa 1 100 000
32%
México Puebla 4 175 000
32%
Estados Unidos San Luis 2 350 000
32%
Brasil São Luis 1 470 000
32%
Mali Bamako 3 975 000
31%
Alemania Fráncfort 3 275 000
31%
México Juárez 1 600 000
31%
Uganda Kampala 3 975 000
31%
Marruecos Fez 1 330 000
30%
Francia Lille 1 310 000
30%
Liberia Monrovia 1 770 000
30%
Camboya Nom Pen 2 750 000
30%
Brasil Porto Alegre 4 200 000
30%
Estados Unidos Salt Lake City 2 625 000
30%
Alemania Stuttgart 2 400 000
30%
Uzbekistán Taskent 3 600 000
30%
Chile Valparaíso 1 050 000
30%
Brasil Belém 2 275 000
29%
Guinea Conakri 2 775 000
29%
Ucrania Donetsk 1 420 000
29%
Palestina / Israel Gaza 2 125 000
29%
Zambia Lusaka 2 250 000
29%
Baréin Manama 1 550 000
29%
Brasil Salvador 3 700 000
29%
Australia Adelaida 1 410 000
28%
Alemania Bremen 1 000 000
28%
Zimbabue Harare 2 600 000
28%
Estados Unidos Jacksonville 2 025 000
28%
Estados Unidos Kansas City 2 100 000
28%
Bolivia Santa Cruz 2 325 000
28%
Burkina Faso Uagadugú 2 800 000
28%
India Bangalore 13 700 000
27%
Kirguistán Biskek 1 160 000
27%
Estados Unidos Charlotte 2 575 000
27%
Estados Unidos Cleveland 3 100 000
27%
Arabia Saudita La Meca 2 325 000
27%
Togo Lomé 2 350 000
27%
Níger Niamey 1 430 000
27%
Mauritania Nuakchot 1 350 000
27%
Eritrea Asmara 1 020 000
26%
Corea del Sur Busan 4 000 000
26%
Canadá Calgary 1 410 000
26%
Ruanda Kigali 1 330 000
26%
Reino Unido Southampton 1 150 000
26%
China Xi'an 12 300 000
26%
Gambia Banjul 1 090 000
25%
Tanzania Dar es-Salam 6 000 000
25%
Arabia Saudita Medina 1 690 000
25%
Estados Unidos Memphis 1 150 000
25%
Estados Unidos Nashville 1 640 000
25%
Argentina San Miguel de Tucumán 1 050 000
25%
Arabia Saudita Yeda 5 500 000
25%
Turkmenistán Asjabad 1 530 000
24%
México Chihuahua 1 040 000
24%
Brasil Curitiba 3 550 000
24%
Canadá Edmonton 1 400 000
24%
Estados Unidos Honolulu 1 010 000
24%
Ucrania Járkov 1 600 000
24%
Pakistán Lahore 14 400 000
24%
Estados Unidos Milwaukee 1 520 000
24%
Estados Unidos Oklahoma City 1 190 000
24%
Japón Sapporo 2 500 000
24%
Chad Yamena 1 810 000
24%
Perú Arequipa 1 170 000
23%
RCA Bangui 1 560 000
23%
Tajikistán Dusambé 1 070 000
23%
México León 2 225 000
23%
Alemania Núremberg 1 200 000
23%
Estados Unidos Búfalo 1 420 000
22%
Estados Unidos Cincinnati 2 825 000
22%
Bolivia Cochabamba 1 440 000
22%
Estados Unidos Columbus 1 840 000
22%
Sudáfrica Durban 3 575 000
22%
Rusia Kazán 1 570 000
22%
India Madrás 12 200 000
22%
Japón Nagoya 10 500 000
22%
Argelia Orán 1 570 000
22%
Rusia Rostov 1 400 000
22%
Costa de Márfil Abiyán 6 550 000
21%
Siria Alepo 1 900 000
21%
Rusia Ekaterimburgo 1 840 000
21%
Malaui Lilongüe 1 140 000
21%
Reino Unido Nottingham 1 370 000
21%
Reino Unido Sheffield 1 530 000
21%
Turquía Esmirna 3 025 000
20%
Estados Unidos Tucson 1 010 000
20%
Rusia Volgogrado 1 090 000
20%
Colombia Bucaramanga 1 330 000
19%
China Chengdu 16 600 000
19%
Alemania Hanóver 1 150 000
19%
México Toluca 2 650 000
19%
Turquía Antalya 1 390 000
18%
China Chongqing 10 500 000
18%
Ucrania Dnipró 1 340 000
18%
India Hyderabad 11 100 000
18%
Pakistán Hyderabad 2 450 000
18%
Estados Unidos Pittsburgh 2 075 000
18%
China Tianjin 11 400 000
18%
India Agra 2 500 000
17%
México Aguascalientes 1 200 000
17%
Brasil Florianópolis 1 050 000
17%
India Jaipur 4 275 000
17%
Nigeria Kano 5 200 000
17%
Polonia Katowice 2 250 000
17%
China Nankín 9 050 000
17%
Brasil Natal 1 460 000
17%
México Querétaro 1 640 000
17%
Birmania Rangún 6 000 000
17%
Honduras San Pedro Sula 1 290 000
17%
China Xiamen 14 500 000
17%
Kazajistán Alma Ata 2 550 000
16%
Colombia Cúcuta 1 060 000
16%
Japón Fukuoka 2 800 000
16%
Sudáfrica Puerto Elizabeth 1 440 000
16%
Brasil Santos 1 790 000
16%
India Ahmedabad 9 300 000
15%
Turquía Bursa 2 175 000
15%
Estados Unidos Fresno 1 000 000
15%
Estados Unidos Louisville 1 030 000
15%
Venezuela Maracay 1 460 000
15%
Kenia Mombasa 1 320 000
15%
Rusia Nizhni Nóvgorod 1 670 000
15%
Estados Unidos Raleigh 1 770 000
15%
China Urumqi 4 725 000
15%
Estados Unidos Virginia Beach 1 660 000
15%
Marruecos Agadir 1 280 000
14%
Venezuela Barquisimeto 1 330 000
14%
Brasil Campinas 3 325 000
14%
Malasia George Town 2 025 000
14%
Brasil Goiânia 2 550 000
14%
Alemania Mannheim 1 580 000
14%
Rusia Omsk 1 160 000
14%
Estados Unidos Richmond 1 120 000
14%
Rusia Samara 1.370.000
14%
Indonesia Surabaya 5 900 000
14%
Filipinas Cebú 2 700 000
13%
Nigeria Ciudad de Benín 1 790 000
13%
Benin Cotonú 2 025 000
13%
México Cuernavaca 1 200 000
13%
México Morelia 1 020 000
13%
Irak Mosul 1 490 000
13%
Rusia Novosibirsk 1 840 000
13%
India Pune 7 550 000
13%
México San Luis Potosí 1 360 000
13%
México Torreón 1 400 000
13%
Indonesia Bandung 6 900 000
12%
Irak Basora 1 630 000
12%
Bangladés Chittagong 4 650 000
12%
Camerún Duala 3 650 000
12%
China Hangzhou 13 400 000
12%
China Harbin 5 400 000
12%
Irán Isfahán 3 350 000
12%
México Saltillo 1 080 000
12%
India Surat 7 550 000
12%
Rusia Ufá 1 220 000
12%
Brasil Vitória 1 930 000
12%
Turquía Adana 1 780 000
11%
Corea del Sur Daegu 2 750 000
11%
China Dalian 5 150 000
11%
Estados Unidos Hartford 1 680 000
11%
Nigeria Ibadán 3 925 000
11%
Turquía Iconio 1 370 000
11%
Estados Unidos McAllen 1 240 000
11%
Rusia Perm 1 090 000
11%
China Qingdao 7 250 000
11%
Filipinas Dávao 1 650 000
10%
China Fuzhou 4 450 000
10%
Turquía Gaziantep 1 710 000
10%
Brasil João Pessoa 1 160 000
10%
India Lucknow 4 000 000
10%
Brasil Maceió 1 140 000
10%
Birmania Mandalay 1 690 000
10%
Indonesia Medan 4 150 000
10%
China Shenyang 8 550 000
10%
Estados Unidos Stockton 1 280 000
10%
Brasil Teresina 1 050 000
10%
Rusia Vorónezh 1 160 000
10%
Filipinas Ángeles 1 700 000
9%
Estados Unidos Cabo Coral 1 130 000
9%
China Changsha 10 500 000
9%
Rusia Cheliábinsk 1 460 000
9%
Arabia Saudita Dammam 2 750 000
9%
Irak Erbil 1 170 000
9%
Pakistán Faisalabad 3 950 000
9%
Estados Unidos Greensboro 1 170 000
9%
Estados Unidos Harrisburg 1 340 000
9%
China Hefei 7 550 000
9%
Rusia Krasnoyarsk 1 270 000
9%
China Kunming 6 250 000
9%
RDC Lubumbashi 2 650 000
9%
Irán Mashhad 3 350 000
9%
India Nagpur 3 450 000
9%
Nigeria Port Harcourt 2 600 000
9%
Irán Qom 1 390 000
9%
Rusia Sarátov 1 200 000
9%
Japón Sendai 1 510 000
9%
Irán Shiraz 1 880 000
9%
Tunéz Susa 1 190 000
9%
Irán Tabriz 1 910 000
9%
Brasil Aracaju 1 010 000
8%
Vietnam Da Nang 1 430 000
8%
Indonesia Denpasar 1 190 000
8%
China Jinan 6 350 000
8%
India Kanpur 3 600 000
8%
Ghana Kumasi 2 850 000
8%
Japón Naha 1 240 000
8%
China Nanning 5 100 000
8%
India Patna 2 850 000
8%
Pakistán Peshawar 2 600 000
8%
India Salem 1 180 000
8%
China Shantou 8 000 000
8%
Indonesia Yogyakarta 1 780 000
8%
China Zhengzhou 9 450 000
8%
Nigeria Aba 1 250 000
7%
Angola Benguela 1 350 000
7%
China Changchun 4 900 000
7%
India Coimbatore 2 925 000
7%
India Indore 3 525 000
7%
Turquía Kayseri 1 130 000
7%
Irak Kirkuk 1 110 000
7%
China Lanzhou 3 400 000
7%
Indonesia Macasar 1 770 000
7%
India Madurai 1 890 000
7%
Turquía Mersín 1 040 000
7%
Pakistán Multán 2 275 000
7%
China Ningbo 7 100 000
7%
Japón Okayama 2 175 000
7%
Congo Pointe-Noire 1 140 000
7%
Pakistán Quetta 1 250 000
7%
Nigeria Sokoto 1 000 000
7%
Corea del Sur Ulsan 1 080 000
7%
China Wenzhou 5 100 000
7%
Indonesia Batam 1 200 000
6%
India Bhopal 2 600 000
6%
Corea del Sur Daejeon 1 530 000
6%
Turquía Diyarbakir 1 090 000
6%
Corea del Sur Gwangju 1 630 000
6%
China Haikou 2 575 000
6%
Japón Hamamatsu 1 310 000
6%
Arabia Saudita Hofuf 1 020 000
6%
China Hohhot 2 625 000
6%
India Jodhpur 1 610 000
6%
Nigeria Jos 1 110 000
6%
Nigeria Kaduna 2 050 000
6%
Taiwán Kaohsiung 2 775 000
6%
RDC Kisangani 1 220 000
6%
India Kochi 1 640 000
6%
Japón Kumamoto 1 150 000
6%
RDC Mbuji-Mayi 2 325 000
6%
Tanzania Mwanza 1 030 000
6%
China Nanchang 4 800 000
6%
Indonesia Semarang 2 100 000
6%
Japón Shizuoka 1 130 000
6%
Indonesia Surakarta 1 660 000
6%
Taiwán Taichung 2 450 000
6%
Taiwán Tainan 1 310 000
6%
China Taiyuan 5 750 000
6%
Senegal Touba 1 200 000
6%
India Vadodara 2 350 000
6%
India Varanasi 2 050 000
6%
China Zibo 3 800 000
6%
Irán Ahvaz 1 480 000
5%
India Allahabad 1 530 000
5%
India Amritsar 1 470 000
5%
China Anshan 2 350 000
5%
Indonesia Bandar Lampung 1 370 000
5%
Burkina Faso Bobo-Dioulasso 1 050 000
5%
RDC Bukavu 1 030 000
5%
China Datong 1 900 000
5%
Nigeria Enugu 1 090 000
5%
China Guilin 1 700 000
5%
China Guiyang 4 850 000
5%
Pakistán Gujranwala 3 075 000
5%
Vietnam Hai Phong 1 420 000
5%
Nigeria Ilorin 1 190 000
5%
Jordania Irbid 1 020 000
5%
China Jilin 1 610 000
5%
RDC Kananga 1 290 000
5%
Japón Kitakyushu 1 980 000
5%
India Kota 1 520 000
5%
China Linyi 4 300 000
5%
Nigeria Maiduguri 1 340 000
5%
Indonesia Malang 1 740 000
5%
India Meerut 1 850 000
5%
India Mysore 1 310 000
5%
India Nashik 2 275 000
5%
Irak Náyaf 1 010 000
5%
Nigeria Onitsha 1 310 000
5%
Nigeria Osogbo 1 050 000
5%
Indonesia Palembang 1 740 000
5%
China Qiqihar 1 030 000
5%
India Rajkot 2 075 000
5%
India Ranchi 1 550 000
5%
China Shijiazhuang 6 000 000
5%
Kazajistán Shymkent 1 280 000
5%
India Srinagar 1 730 000
5%
China Taizhou 2 525 000
5%
China Taizhou 1 420 000
5%
Nigeria Warri 1 080 000
5%
China Wuhu 1 730 000
5%
China Xuzhou 3 000 000
5%
China Yantai 2 450 000
5%
Nigeria Zaria 1 090 000
5%
China Anyang 1 860 000
4%
India Asansol 1 690 000
4%
India Aurangabad 1 970 000
4%
China Baoding 2 075 000
4%
China Baotou 2 150 000
4%
India Bareilly 1 430 000
4%
China Bengbu 1 880 000
4%
India Bhilai 3 175 000
4%
India Chandigarh 2 575 000
4%
China Changde 1 170 000
4%
Corea del Sur Changwon 1 020 000
4%
Corea del Sur Cheongju 1 170 000
4%
Tailandia Chonburi 1 480 000
4%
Indonesia Cirebon 1 190 000
4%
China Daqing 1 830 000
4%
China Dazhou 1 260 000
4%
China Ganzhou 1 980 000
4%
India Guwahati 1 200 000
4%
India Gwalior 1 510 000
4%
China Handan 2 750 000
4%
China Hengyang 1 220 000
4%
China Heze 1 440 000
4%
India Jabalpur 1 560 000
4%
India Jámshedpur 1 760 000
4%
China Jining 1 790 000
4%
China Jinzhou 1 220 000
4%
China Kaifeng 1 270 000
4%
Iran Kermanshah 1 090 000
4%
Bangladés Khulna 1 140 000
4%
China Liuzhou 2 350 000
4%
India Ludhiana 2 075 000
4%
China Luoyang 3 450 000
4%
China Luzhou 1 240 000
4%
China Maoming 1 380 000
4%
China Mianyang 1 680 000
4%
India Moradabad 1 380 000
4%
China Nanchong 1 350 000
4%
China Nantong 3 250 000
4%
Indonesia Pekanbaru 1 090 000
4%
China Rizhao 1 210 000
4%
Indonesia Serang 1 200 000
4%
India Solapur 1 130 000
4%
China Tai'an 1 490 000
4%
China Tangshan 2 650 000
4%
India Vijayawada 2 225 000
4%
India Visakhapatnam 2 350 000
4%
China Wanzhou 1 130 000
4%
China Weifang 3 075 000
4%
China Xiangyang 1 750 000
4%
China Xining 2 100 000
4%
China Yinchuan 2 300 000
4%
India Aligarh 1 360 000
3%
China Baoji 1 170 000
3%
India Bhubaneswar 2 025 000
3%
China Cangnan 1 710 000
3%
China Chifeng 1 140 000
3%
India Dehra Dun 1 010 000
3%
China Dezhou 1 190 000
3%
India Dhanbad 1 440 000
3%
China Dongying 1 010 000
3%
China Ezhou 1 130 000
3%
China Fuyang 1 310 000
3%
China Huai'an 1 870 000
3%
China Huaibei 1 300 000
3%
China Huainan 1 860 000
3%
India Hubli 1 200 000
3%
China Huludao 1 020 000
3%
China Huzhou 1 630 000
3%
India Jalandhar 1 190 000
3%
China Jiaxing 2 075 000
3%
China Jinhua 1 480 000
3%
Indonesia Karawang 1 220 000
3%
India Kozhikode 1 040 000
3%
China Lianyungang 1 110 000
3%
China Liaocheng 1 130 000
3%
China Nanyang 1 550 000
3%
China Panjin 1 010 000
3%
China Pingdingshan 1 980 000
3%
China Puyang 1 600 000
3%
China Qingyuan 1 270 000
3%
China Qinhuangdao 1 630 000
3%
China Qujing 1 070 000
3%
India Saharanpur 1 090 000
3%
China Shangrao 1 470 000
3%
China Shaoyang 1 030 000
3%
China Shiyan 1 010 000
3%
India Siliguri 1 130 000
3%
China Suqian 1 160 000
3%
India Tiruchirappalli 1 270 000
3%
India Tiruppur 1 540 000
3%
India Warangal 1 050 000
3%
China Weihai 1 430 000
3%
China Xingtai 1 590 000
3%
China Xinxiang 2 525 000
3%
China Xinyang 1 130 000
3%
China Xuchang 1 320 000
3%
China Yancheng 1 410 000
3%
China Yangzhou 2 200 000
3%
China Yibin 1 210 000
3%
China Yichang 1 340 000
3%
China Yiwu 2 475 000
3%
China Yueyang 1 170 000
3%
China Yulin 1 510 000
3%
China Zhangjiakou 1 400 000
3%
China Zhanjiang 1 790 000
3%
China Zhaoqing 1 090 000
3%
China Zhenjiang 1 170 000
3%
China Zhoukou 1 010 000
3%
China Zhuhai 2 450 000
3%
China Zunyi 1 860 000
3%
China Beihai 1 020 000
2%
China Changzhi 1 200 000
2%
China Jiangyin 3 025 000
2%
China Jiaozuo 1 570 000
2%
China Jiujiang 1 020 000
2%
China Shangqiu 1 600 000
2%
China Shuyang 1 050 000
2%
China Yongkang 1 020 000
2%
China Zaozhuang 1 790 000
2%
No se encontraron pruebas coincidentes
Distribución de puntuación
Porcentaje de gente con cada puntuación
Porcentaje por número respondido
Historial de tus puntuaciones
No has intentado esta prueba.